Manwolf /

Only when he finally reaches adolescence does a boy, living in medieval Poland, realize people think he is a werewolf.

Bibliographic Details
Main Author: Skurzynski, Gloria
Format: Book
Language:English
Published: New York : Houghton Mifflin/Clarion Books, [1981]
Subjects:

MARC

Tag First Indicator Second Indicator Subfields
LEADER 00000pam a2200000 a 4500
001 in00000197913
005 20151009052507.0
008 800908s1981 nyu j 00011 engm
010 |a  80022393  
020 |a 0395300797 
035 |a (OCoLC)06761455 
035 |9 AAW0844AM 
040 |a DLC  |c DLC  |d m.c.  |d TXA  |d UtOrBLW 
049 |a [Curr Col] TXAM  |c [952587] 
050 0 0 |a PZ7 S6287  |b  Man 
082 0 |a [Fic]  |2 19 
100 1 |a Skurzynski, Gloria. 
245 1 0 |a Manwolf /  |c by Gloria Skurzynski. 
264 1 |a New York :  |b Houghton Mifflin/Clarion Books,  |c [1981] 
264 4 |c ©1981 
300 |a 177 pages ;  |c 24 cm. 
336 |a text  |b txt  |2 rdacontent 
337 |a unmediated  |b n  |2 rdamedia 
338 |a volume  |b nc  |2 rdacarrier 
520 |a Only when he finally reaches adolescence does a boy, living in medieval Poland, realize people think he is a werewolf. 
650 1 |a Werewolves  |x Fiction. 
651 1 |a Poland  |x Fiction. 
999 |a MARS 
999 f f |s 6c2c237d-69c4-34ab-afe0-0a3f999422cc  |i 734ef970-922b-3e82-bd85-d5532a7693f5  |t 0 
952 f f |p normal  |a Texas A&M University  |b College Station  |c Sterling C. Evans Library  |d Evans: Curriculum Collection (4th floor)  |t 0  |e PZ7 S6287 Man  |h Library of Congress classification  |i unmediated -- volume  |m A14806306582 
998 f f |a PZ7 S6287 Man  |t 0  |l Evans: Curriculum Collection (4th floor)